000 00806nam a2200253 a 4500
001 50502
003 BD-RjUL
005 20211209075523.0
008 160827s1947 nyu f 000 0 eng
035 _a(BD-RjUL)50622
035 _a(OCoLC)4062805
040 _aDLC
_cNjR
_dDLC
_dBD-RjUL
_beng
041 _aeng
082 _a513.1076
_bHOP 1947
100 1 _aHorblit, Marcus.
_9151274
245 1 0 _aProblems in plane geometry, with solutions,
_cby Marcus Horblit and Kaj L. Nielsen.
260 _aNew York :
_bBarnes & Noble, inc.
_c1947.
300 _av, 197 p. :
_bill. ;
_c21 cm.
650 0 _aGeometry, Plane
_xProblems, exercises, etc.
_9151276
700 1 _aNielsen, Kaj Leo,
_d1914-
_ejoint author.
_9151277
942 _2ddc
_cBK
999 _c50502
_d50502